00495nam a2200169Ia 450000500170000000800410001704000190005804100120007708200160008910000200010524500490012526000430017430000160021750400610023365000210029485000100031520221104120208.0131103s9999 xx 000 0 und d aLoreto College aEnglish a954.02bSAR aSarkar,Jadunath 2aA short history of AuranzebcJadunath Sarkar aCalcuttabOrient Longman Limitedc1930 avii,426 p.  aIncludes index,chronology and bibliographical references aMedieval History aLCLIB